| 000 | 00720nam a22002175a 4500 | ||
|---|---|---|---|
| 005 | 20151011155241.0 | ||
| 008 | 150615t2013 si a frb 000 0 eng d | ||
| 020 | _a9789814394284 | ||
| 040 |
_aEG-ScBUE _beng _cEG-ScBUE |
||
| 082 | 0 | 4 |
_a720.284 _bRUZ _222 |
| 100 | 0 |
_aRuzaimi Mat Rani. _938354 |
|
| 245 | 1 | 2 |
_aA guide to visual presentation / _cRuzaimi Mat Rani. |
| 260 |
_aSingapore : _bPage One, _cc.2013. |
||
| 300 |
_avii, 183 p. : _bill. (some col.) ; _c24 cm. |
||
| 504 | _aIncludes bibliographical references. | ||
| 650 | 0 |
_aArchitectural drawing _xTechnique. _2BUEsh |
|
| 650 | 0 |
_aPerspective _xTechnique. _2BUEsh |
|
| 651 | _2BUEsh | ||
| 653 |
_bCOMAME _bGGEN _cJune2015 _cAugust2015 |
||
| 942 |
_2ddc _k720.284 RUZ |
||
| 999 |
_c19679 _d19651 |
||